Mom, you gotta be kiddin' (Record no. 2643)

MARC details
000 -LEADER
fixed length control field 00659nam a2200229 4500
001 - CONTROL NUMBER
control field 760036
003 - CONTROL NUMBER IDENTIFIER
control field OSt
005 - DATE AND TIME OF LATEST TRANSACTION
control field 20181017123552.0
008 - FIXED-LENGTH DATA ELEMENTS--GENERAL INFORMATION
fixed length control field 690610s1968 njua 000 0 eng
010 ## - LIBRARY OF CONGRESS CONTROL NUMBER
LC control number 68028435
040 ## - CATALOGING SOURCE
Original cataloging agency DLC
Transcribing agency DLC
Modifying agency DLC
050 00 - LIBRARY OF CONGRESS CALL NUMBER
Classification number BV4847
Item number .B62
082 00 - DEWEY DECIMAL CLASSIFICATION NUMBER
Classification number 248.8
Item number B787M
100 1# - MAIN ENTRY--PERSONAL NAME
Personal name Bowman, Mary D.
245 10 - TITLE STATEMENT
Title Mom, you gotta be kiddin'
Statement of responsibility, etc. [by] Mary D. Bowman. With illus. by Don Sampson.
260 ## - PUBLICATION, DISTRIBUTION, ETC.
Place of publication, distribution, etc. Old Tappan, N.J.,
Name of publisher, distributor, etc. F. H. Revell
Date of publication, distribution, etc. [1968]
300 ## - PHYSICAL DESCRIPTION
Extent 62 p.
Other physical details col. illus.
Dimensions 16 x 21 cm.
350 ## - PRICE (NR) (BK AM CF MU VM SE) [OBSOLETE]
Price $2.95
650 #0 - SUBJECT ADDED ENTRY--TOPICAL TERM
Topical term or geographic name entry element Mothers
General subdivision Religious life.
906 ## - LOCAL DATA ELEMENT F, LDF (RLIN)
a 7
b cbc
c orignew
d u
e ncip
f 19
g y-gencatlg
942 ## - ADDED ENTRY ELEMENTS (KOHA)
Source of classification or shelving scheme Dewey Decimal Classification
Koha item type Books
Holdings
Withdrawn status Lost status Source of classification or shelving scheme Damaged status Not for loan Collection code Home library Current library Shelving location Date acquired Cost, normal purchase price Total Checkouts Full call number Barcode Date last seen Price effective from Koha item type
    Dewey Decimal Classification     Non-fiction Harvest Mission College Harvest Mission College General Stacks 17.10.2018 120.00   248.8 B787M 002001 17.10.2018 17.10.2018 Books

OPAC Designed and Maintained by HMC Library Team.
Copyright © HMC Library,Greater Noida, UP.
For any Suggestions/Query Contact library via Email:libhmc@gmail.com